000 01135nas a2200373 4500
001 BR2011004781
003 BR-BrBNA
005 20231205115540.0
007 ta
008 230509b bl.|||p| |||| 00| 00por d
040 _aBR-BrBNA
_bpor
_cBiblioteca Nacional de Agricultura
041 _a(En)
072 _aH20
100 1 _aGioria, R.
100 1 _aBraga, R. de S.
100 1 _aKrause-Sakate, R.
100 1 _aRoullier, C.
100 1 _aRosa, D.D.
100 1 _aMoura, M.F.
100 1 _aSouza-Dias, J.A.C. de
100 1 _aSawazaki, H.E.
100 1 _aCamargo, L.E.A.
100 1 _aRezende, J.A.M.
245 1 _aBreakdown of resistance in sweet pepper against Pepper yellow mosaic virus in Brazil
246 1 _aBreakdown of resistance in sweet pepper against Pepper yellow mosaic virus in Brazil
650 _aPIMENTÃO
650 _aCAPSICUM ANNUUM
650 _aELISA
650 _aRESISTÊNCIA
650 _aMOSAICO
773 0 _tScientia Agricola (Brazil)
_xISSN 0103-9016
_g(Mar-Apr 2009), v. 66(2) p. 267-269
_wBR2011004781
909 _a202311
_bLúcia
_c55
_dLúcia Elande
942 _2AGRIS
_n0
_cANA
999 _c214384
_d214384